000 00247nam a2200109Ia 4500
008 190216s9999||||xx |||||||||||||| ||und||
100 _aGupta R R & Gupta V S
245 0 _aCost Accounting
260 _bNull
_c1974
300 _a479p
942 _cBK
999 _c4447
_d4447